| 000 | 01275nam a2200229Ia 4500 | ||
|---|---|---|---|
| 003 | Ost | ||
| 005 | 20260507075537.0 | ||
| 008 | 260507s9999||||xx |||||||||||||| ||und|| | ||
| 020 | _a8132212977 | ||
| 040 | _cfsecg | ||
| 041 | _aara | ||
| 082 | _a330.1543 | ||
| 100 |
_aابراهيم، نعمة الله نجيب _eمؤلف |
||
| 245 | 0 |
_aمقدمة في الاقتصاد الرياضي / _c نعمة الله نجيب ابراهيم |
|
| 260 |
_aالاسكندرية: _bالدار الجامعية, _c2009 |
||
| 300 |
_a483 صفحة؛ _bإيضاحات ؛ _c25 سم |
||
| 504 | _a(اقتناءات 20104 ن1) | ||
| 520 | _aيضم ماهية الاقتصاد الرياضي، بعض المصطلحات والمبادئ الرياضة الاولية، النماذج الخطية،جبر المصفوفات والمتجهات ،المحددات وحل نظم المعادلات الخطية،المشتقات وتطبيقاتها الاقتصادية، النهايات وتطبيقاتها الاقتصادية، الدوال الأسية واللوغرتمية -تطبيقاتها الاقتصادية، التكامل،النماذج الحركية | ||
| 653 | _aالاقتصاد التحليلي | ||
| 653 | _aالاقتصاد الرياضي | ||
| 942 | _cكتاب | ||
| 999 |
_c44846 _d44846 |
||